00317nam a2200121Ia 4500008004100000020001500041041001200056100001600068245005000084260004200134300000800176650001100184221030s9999 xx 000 0 und d a9350143919 aEnglish aJ. B. Gupta 0aPulse Waveshaping & Switchingcby J. B. Gupta bS. K. Kataria & SonsaNew Delhic2013 a379 aBB ECE